[Event "Madrid-ch Previa-B"]
[Site "Madrid"]
[Date "2019.02.09"]
[Round "5"]
[White "Esteban Azpiroz, Jorge"]
[Black "Lopez Guitian, Juan J"]
[Result "1-0"]
[WhiteElo "1669"]
[BlackElo "1562"]
[PlyCount "72"]
[EventDate "2019.02.01"]
[EventType "swiss"]
[EventRounds "9"]
[EventCountry "ESP"]
[SourceTitle "CBM 189 Extra"]
[Source "ChessBase"]
[SourceDate "2019.05.31"]
[SourceVersion "1"]
[SourceVersionDate "2019.05.31"]
[SourceQuality "1"]

1. e4 c6 2. d4 d5 3. exd5 cxd5 4. Nf3 Bg4 5. Be3 e6 6. Bd3 Nf6 7. 0-0 Nc6 8. a3 Be7 9. Nbd2 0-0 10. c4 dxc4 11. Nxc4 Bh5 12. Be2 Qc7 13. h3 Rad8 14. Rc1 Qb8 15. Ncd2 a6 16. Qb3 Rd7 17. Bxa6 Nxd4 18. Nxd4 bxa6 19. Qxb8 Rxb8 20. b4 h6 21. Nc6 Re8 22. Nxe7+ Rexe7 23. Rc6 Ra7 24. Bxa7 Rxa7 25. Rfc1 Be2 26. Rc8+ Kh7 27. R1c7 Rxc7 28. Rxc7 Kg6 29. Nb3 Nd5 30. Ra7 Nc3 31. Ra8 Nb5 32. a4 Nc3 33. Nc5 Kf6 34. a5 Bb5 35. Nxa6 Nd5 36. Nc5 Nxb4 1-0